First Names of Ireland Players Since 2000 - Statistics

General Stats
  • This quiz has been taken 44 times
    32 since last reset
  • The average score is 98 of 184
Answer Stats
% Correct
2017 John Egan 36 3
95%
2003 John Thompson 1
95%
2001 John O'Shea 118 3
95%
2014 Rob Elliot 4
90%
2012 Robbie Brady 68 10
90%
1998 Robbie Keane 146 68
90%
2018 Michael Obafemi 12 2
85%
2004 Michael Doyle 1
85%
2015 Harry Arter 19
80%
2024 Jack Taylor 1
80%
2019 Jack Byrne 4
80%
2019 James Collins 13 2
80%
2012 James McClean 103 11
80%
2010 James McCarthy 43
80%
2018 Declan Rice 3
75%
2004 Jon Macken 1
75%
1991 Roy Keane 67 9
75%
2014 Shane Duffy 61 7
75%
2007 Shane Long 88 17
75%
2020 Adam Idah 29 4
70%
2008 Damien Delaney 9
70%
1998 Damien Duff 100 8
70%
2014 David McGoldrick 14 1
70%
2012 David Meyler 26
70%
2011 David Forde 24
70%
1996 David Connolly 41 9
70%
2017 Kevin Long 17 1
70%
2009 Kevin Foley 8
70%
2006 Kevin Doyle 62 14
70%
1997 Kevin Kilbane 110 8
70%
2024 Mark McGuinness 1
70%
2022 Mark Sykes 5
70%
2019 Mark Travers 4
70%
1998 Mark Kinsella 48 3
70%
1995 Mark Kennedy 34 4
70%
2010 Paul Green 22 1
70%
2006 Paul McShane 33
70%
2000 Paul Butler 1
70%
2011 Séamus Coleman 73 1
70%
2017 Sean Maguire 11 1
70%
2009 Sean St Ledger 37 3
70%
2013 Stephen Quinn 18
70%
2011 Stephen Ward 50 3
70%
2007 Stephen Hunt 39 1
70%
2007 Stephen Gleeson 4
70%
2007 Stephen O'Halloran 2
70%
2006 Stephen Kelly 39
70%
2006 Stephen Ireland 6 4
70%
2004 Stephen Elliott 9 1
70%
2000 Stephen McPhail 10 1
70%
1999 Stephen Carr 44
70%
2000 Steve Finnan 53 2
70%
1988 Steve Staunton 102 8
70%
2019 Aaron Connolly 9
65%
2010 Jonathan Walters 54 14
65%
2004 Jonathan Douglas 8
65%
2023 Liam Scales 9 1
65%
2009 Liam Lawrence 15 2
65%
2004 Liam Miller 21 1
65%
2018 Matt Doherty 48 2
65%
1999 Matt Holland 49 5
65%
2013 Richard Keogh 26 1
65%
2002 Richard Sadlier 1
65%
2000 Richard Dunne 80 8
65%
2023 Andrew Moran 2
60%
2021 Andrew Omobamidele 10
60%
2011 Ciaran Clark 36 2
60%
2002 Glen Crowe 2
60%
2024 Jake O'Brien 3
60%
2020 Jason Knight 35 1
60%
2004 Jason Byrne 2
60%
1994 Jason McAteer 52 3
60%
2019 Lee O'Connor 1
60%
1997 Lee Carsley 40
60%
1998 Rory Delap 11
60%
2020 Ryan Manning 13
60%
1996 Shay Given 134
60%
2001 Steven Reid 23 2
60%
2024 Tom Cannon 2
60%
2019 Troy Parrott 26 5
60%
2023 Will Smallbone 11
60%
2021 Will Keane 5
60%
2018 Aiden O'Brien 5 1
55%
2004 Aiden McGeady 93 5
55%
2012 Alex Pearce 9 2
55%
2007 Alex Bruce 2
55%
2017 Andy Boyle 1
55%
2007 Andy Keogh 30 2
55%
2003 Andy Reid 29 4
55%
2001 Andy O'Brien 26 1
55%
2013 Anthony Pilkington 9 1
55%
2007 Anthony Stokes 9
55%
2017 Conor Hourihane 36 1
55%
2013 Conor Sammon 9
55%
2012 Darren Randolph 50
55%
2009 Darren O'Dea 20 1
55%
2007 Darren Potter 5
55%
2002 Jim Goodwin 1
55%
2007 Joe Gamble 2
55%
2007 Joe O'Cearuill 2
55%
2007 Joe Lapira 1
55%
2003 Joe Murphy 2
55%
2011 Marc Wilson 25 1
55%
2021 Nathan Collins 26 2
55%
2008 Wes Hoolahan 43 4
55%
2017 Alan Browne 37 5
50%
2016 Alan Judge 9 1
50%
2007 Alan Bennett 2
50%
2006 Alan O'Brien 5
50%
2003 Alan Lee 10
50%
2003 Alan Quinn 8
50%
2000 Alan Mahon 2
50%
1998 Alan Maybury 10
50%
1993 Alan Kelly 34
50%
2018 Callum Robinson 38 9
50%
2016 Callum O'Dowda 32 1
50%
2021 Caoimhín Kelleher 20
50%
2020 Dara O'Shea 32
50%
2022 Evan Ferguson 18 4
50%
2021 Gavin Bazunu 22
50%
2008 Glenn Whelan 91 2
50%
2021 Jamie McGrath 13
50%
1986 Niall Quinn 92 21
50%
2018 Scott Hogan 12
50%
2024 Finn Azaz 5
45%
2000 Gary Doherty 34 4
45%
1996 Gary Breen 63 7
45%
1994 Gary Kelly 52 2
45%
2020 Jayson Molumby 29
45%
2019 Josh Cullen 40
45%
2013 Paddy Madden 1
45%
2004 Paddy Kenny 7
45%
1994 Phil Babb 35
45%
2024 Sammie Szmodics 10
45%
2017 Daryl Horgan 17 1
40%
2007 Daryl Murphy 32 3
40%
2023 Festy Ebosele 7
40%
2018 Graham Burke 3 1
40%
2002 Graham Barrett 6 2
40%
1998 Graham Kavanagh 16 1
40%
1996 Ian Harte 64 12
40%
2013 Jeff Hendrick 79 2
40%
2010 Keith Fahey 16 3
40%
2010 Keith Treacy 6
40%
2008 Keith Andrews 35 3
40%
2009 Leon Best 7
40%
2002 Thomas Butler 2
40%
2021 Chiedozie Ogbene 24 4
35%
2007 Darron Gibson 27 1
35%
2018 Enda Stevens 26
35%
2024 Kasey McAteer 4
35%
2019 Kieran O'Hara 2
35%
2023 Mikey Johnston 13 2
35%
2018 Ronan Curtis 7
35%
2011 Simon Cox 30 4
35%
2014 Cyrus Christie 30 2
30%
2018 Darragh Lenihan 4
30%
1999 Dean Kiely 11
30%
2010 Greg Cunningham 4
30%
2006 Joey O'Brien 5
30%
2004 Martin Rowlands 5
30%
2002 Nick Colgan 9
30%
2008 Noel Hunt 3
30%
2018 Shaun Williams 3 1
30%
2009 Eddie Nolan 3
25%
1996 Kenny Cunningham 72
25%
2007 Peter Murphy 1
25%
2023 Sinclair Armstrong 1
25%
2010 Cillian Sheridan 3
20%
2001 Clinton Morrison 36 9
20%
2007 Colin Doyle 4
20%
2002 Colin Healy 13 1
20%
2018 Derrick Williams 3 1
20%
2016 Eunan O'Kane 7
20%
1991 Terry Phelan 42 1
20%
2008 Caleb Folan 7
15%
2022 CJ Hamilton 1
15%
2016 Jonny Hayes 4
15%
2006 Wayne Henderson 6
15%
2004 Clive Clarke 2
10%
1996 Gareth Farrelly 6
10%
2000 Barry Quinn 4
5%
2000 Dominic Foley 6 2
5%
2009 Keiren Westwood 21
5%
No matching quizzes found
Score Distribution
Percent of People with Each Score
Percentile by Number Answered
Your Score History
You have not taken this quiz since the last reset